Just Breathe - Pearl Jam lyrics quiz - Statistics

General Stats
  • This quiz has been taken 39 times
  • The average score is 25 of 32
Answer Stats
% Correct
Oh I'm a {lucky} man
100%
{Stay} with me
100%
The ones I {love}
100%
To count on both {hands}
100%
Yes, I {understand}
97%
Others, they've got {none}
94%
Some folks just have {one}, yeah,
94%
That every {life} must end, uh-huh
94%
As we sit {alone}
91%
Did I say that I {need} you?
82%
Did I say that I {want} you?
82%
Hold me 'til I {die}
82%
Meet you on the other {side}
82%
No one {knows} this more than me
82%
Oh, if I didn't I'm a {fool} you see
82%
Oh, let's {just} {breathe}
82%
As I look upon your {face}, uh-huh
76%
I know {someday} we must go, uh-huh
76%
Never gonna let me {win} uh-huh
76%
There's so much in this {world}
76%
And nothing you would {take}, oh no
73%
I don't wanna {hurt},
73%
Just another human {being}, uh-huh
73%
Nothing you would {take}
73%
You're all I {see}
73%
To make me {bleed}
70%
As I come {clean}
58%
Everything you {gave}
58%
Everything you {gave}
58%
I wonder {everyday},
55%
Under {everything},
55%
{Practiced} all my sins
48%
No matching quizzes found
Score Distribution
Percent of People with Each Score
Percentile by Number Answered
Your Score History
You have not taken this quiz